000 00811cam a2200241 i 4500
001 24245
003 BD-RjUL
005 20211209001027.0
008 140312t1963 pk 000 0 eng
035 _a(BD-RjUL) 24311
040 _aDLC
_cDLC
_dDLC
_dBD-RjUL
_beng
041 _aeng
082 0 0 _a345.491075
_219
_bMAL 1963
100 1 _aMahmood, Shaukat.
_913714
245 1 4 _aThe law of civil procedure :
_ba detailed and exhaustive commentary on the Code of civil procedure, 1908 as amended up-to-date /
_cby Sh. Shaukat Mahmood.
260 _aLahore :
_bPakistan law times pub.
_c1963.
300 _aV-1 (x, 780 p.) ;
_c24 cm.
505 _aVol. 3. Orders 22 to index
650 0 _aCivil procedure
_zPakistan.
_914780
710 1 _aPakistan.
_974679
942 _2ddc
_cBK
999 _c24245
_d24245